| 000 | 00411nam a22001697a 4500 | ||
|---|---|---|---|
| 005 | 20230620110335.0 | ||
| 008 | 230601b |||||||| |||| 00| 0 eng d | ||
| 020 | _a9788184310702 | ||
| 082 |
_a621.3815 _bGOD-E |
||
| 100 | _aGodse.A.P | ||
| 245 | _aElectronics Devices | ||
| 250 | _a1st | ||
| 260 |
_aIndia _bTechnical Publications Pune _c2008 |
||
| 650 | _aEngineering | ||
| 700 | _aA.P Godse | ||
| 999 |
_c18568 _d18568 |
||